1029 1472 1614 1559 1800 1405 1935 1461 1150 1808 1301 1777 1672 1380 1872 1719 1510 1967 1054 1692 1904 1782 1348 1134 1297 1690 1858 1843 1009 1762 1959 1783 1673 1591 1274 1583 1380 1017 1608 1226 1093 1504 1381 1481 1570 1272 1725 1996 1804 1124 1871 1257 1071 1979 1426 1584 1120 1471 1435 1893 1194 1532 1220 1316 1115 1102 1148 1236 1635 1899 1419 1581 1570 1041 1003 1009 1099 1117 1070 1344 1874 1171 1807 1242 1622 1503 1624 1581 1136 1198 1557 1338 1750 1977 1889 1005 1768 1785 1583 BCNSPRNW ULIB Ver.6.0+V

เปลี่ยนเป็นภาษาไทย

Change to English
 แสดงรายละเอียดบรรณานุกรม
  กลับหน้าหลัก

Brief Record : Get Marc (ISO 2709) : E-mail record : QR code < ปิดหน้าต่าง
LEADER : 00000nam 2200000uu 4500
001    13399112545
003     ULIB
008    110824s2554||||th 000 0 tha d
020    9786165001298
090    นว.^bณ429ค 2554
100 0  ณารา
245 00 คุณชายธราธร/^cณารา
250    พิมพ์ครั้งที่ 4
260    กรุงเทพฯ :^bพิมพ์คำ,^c2554
300    420 หน้า
490 0  นวนิยายชุด สุภาพบุรุษจุฑาเทพ
945    ^p260^l0^i18514
995    กัณชพร
999    ^aใช้งานได้ทุกระบบ
รายการนี้ยังไม่มีแท็ก
คุณยังไม่ได้ล็อกอิน คุณสามารถมีกิจกรรมร่วมกับเว็บไซต์ได้ แต่ต้องล็อกอินก่อน ::
  ล็อกอิน

รายการสื่อสารสนเทศ

ลำดับที่ ประเภท เลขเรียก/บาร์โค้ด สถานที่ สถานะ
1. นวนิยาย
นวนิยาย
นว. ณ429ค 2554  
  Barcode: 18514
ห้องสมุดวิทยาเขตสวรรค์ประชารักษ์
►นวนิยาย
บนชั้น
  ขอยืม

รายการใกล้เคียง
    ผู้แต่ง [ณารา]

BibComment


ยังไม่เคยถูกคอมเมนท์

คอมเมนท์ทรัพยากรรายการนี้
  คอมเมนท์: คุณชายธราธร ณารา


 Copyright 2026. Bcnsprnw @Library